| 000 | 02204 a2200229 4500 | ||
|---|---|---|---|
| 001 | 39710 | ||
| 005 | 20260407155654.0 | ||
| 008 | 260407a1953 arg spa d | ||
| 003 | AR-UNSa-BCEJYS | ||
| 040 |
_aAR-UNSa-BCEJYS _bspa _cAR-UNSa-BCEJYS |
||
| 080 |
_a330 _xEconomía en general |
||
| 245 | 1 | 0 | _aPrincipios de economía |
| 264 | 1 |
_aMadrid : _bAguilar _c1953 |
|
| 300 |
_a686 p. _c22 cm. |
||
| 505 | _aParte I: Introducción :1. La economía como materia especial del estudio - 2. Intervención social - 3. La empresa - 4.El producto nacional y el gasto total - 5. La producción y los costes unitarios - Parte II: El valor : 6. Los mercados y sus funciones - 7. El proceso de fijación del precio: Demanda y oferta - 8. El proceso de formación de los precios: precio de ventas - 9. Análisis de la demanda - 10. Coste de producción y precio normal - 11. Independencia de los precios - 12. La dinámica del precio: Coste variable - 13. Especulación y precios - 14. Monopolio frente a competencia - 15. Competenncia monopolística e imperfecta - 16. Reglamentación por el poder público de las combinaciones de empresas - 17. La regulación de precios por los gobiernos - Parte III: Dinero y precios : 18. Dinero y crédito - 19. El flujo del oro y la expansión monetaria en tiempos de guerra - 20. Fluctuaciones de precios - 21. La teoría del dinero y precios - 22. Ciclos económicos - Parte IV: La distribución de la riqueza y la renta : 23. Salarios - 24. La renta de la tierra - 25. Interés - 26. Los beneficios - 27. Sindicación y legislación de trabajo - 28. Algunos aspectos dinámicos de la distribución - 29. Desigualdades en el dominio de la propiedad y enla renta - 30. Socialismo- 31. Algunos aspectos económicos de la tributación - Parte V: Relaciones económicas internacionales : 32. Cambio extranjero - 33. La balanza comercial - 34. La ley de los costes comparados - 35. Principios arancelarios y de libre cambio - 36. El programa de acuerdos comerciales. | ||
| 942 | _cBK | ||
| 590 | _aniveau_biblio:m niveau_hierar:0 | ||
| 100 | 1 | _aGarver, Frederick B. | |
| 700 | 1 | _aHansen, Alvin H. | |
| 700 | 1 | _aAlvarez, Valentín Andrés | |
| 700 | 1 | _aParedes Marcos, Miguel | |
| 999 |
_c3091 _d3091 |
||